| 000 | 00498nam a2200145Ia 4500 | ||
|---|---|---|---|
| 008 | 100204s9999 xx 000 0 und d | ||
| 082 | _b13174 | ||
| 100 | _aसामंत माया | ||
| 245 | _aदुनिया झुकती है. | ||
| 260 |
_b"चंद्र्रमौळी प्रकाशन , पुणे" _c1990 |
||
| 300 | _a435 | ||
| 630 | _aदुनिया झुकती है. | ||
| 730 | _aदुनिया झुकती है. | ||
| 942 | _cBOOK | ||
| 999 |
_c457606 _d457603 |
||